000 01900nam2a22004571 4500
001 v19\rc\1383614
005 20250618091542.0
035 _a(NLR Aleph) 004517946
090 _a4836653
_c4836653
100 _a20060512d1871 |||y0rusy50 ca
101 0 _arus
102 _aRU
105 _ay z |||||
135 _acrcn 024anaba
200 1 _aКирилл и Мефодий по западным легендам
_eКритика легенд
_aЛегендарный образ Кирилла и Мефодия. Codex legendarum
210 _d1871
_aБ. м.
215 _a[4], V, [3], 388 с.
320 _aБиблиогр.:"Сборники и сочинения, упоминаемые во 2-й части" (с. 385-388)
325 _aКопия доступна в Электрон. б-ке РНБ
461 0 _1001v19\rc\1383612
_12001#$aКирилл и Мефодий$eЧ. 1-2$fВ.А. Бильбасов$v[Ч. 2]
_1700#1$aБильбасов$bВ.А.$f1837-1904$gВасилий Алексеевич
_94836635
_aБильбасов, В.А. (1837-1904)
_cСанкт-Петербург
_d1868-1871
_fВ.А. Бильбасов
_nпеч. В. Головина
_oЧ. 1-2
_p2 т.
_tКирилл и Мефодий
_v[Ч. 2]
517 0 _aCodex legendarum
801 0 _aRU
_bNLR
_gpsbo
801 0 _aRU
_bRuMoRGB
_2psbo
801 1 _aRU
_bProSoft-M
_2rusmarc
852 _aNLR
_bМф
_jК1/14841
852 _aNLR
_j18.60.5.25
852 _aNLR
_jР30/Б-5/1
899 _aRuMoRGB
_jL 10a/161
899 _aRuMoRGB
_jB 2/73
899 _aRuMoRGB
_jU 390/68
899 _aБАН
899 _aНБ МГУ
899 _aНБ СПбГУ
899 _aГПИБ
942 _cBOOK
980 _aNB
980 _aCrimea
981 4 8 _a(48) Крым: история в документах